000
00300nam a2200109Ia 4500
008
220204s9999 xx 000 0 und d
082
_a
658.115(1-772)
_b
JON
245
0
_a
Public enterprise in less developed countries
260
_a
London
_b
Cambridge University
_c
1982
700
_a
Leroy P
942
_c
BK
999
_c
37391
_d
37391